Jump Between World Capitals: Closest Pair In Different Continent, Map - Statistics

General Stats
  • This quiz has been taken 2,692 times
  • The average score is 41 of 194
Answers on the Map
Answers color-coded by a green-red scale on the quiz's map according to % correct below.
 
Answer Stats
Capital % Correct
Tripoli C
98%
Valletta J
98%
Cairo D
87%
Jerusalem S
87%
Djibouti L
79%
Sana'a R
78%
Lisbon G
73%
Rabat P
72%
Caracas R
65%
Georgetown C
65%
Port-of-Spain S
63%
Rome A
63%
Tunis A
63%
Algiers A
62%
Andorra la Vella B
62%
Ankara B
61%
Athens B
61%
Bogotá A
60%
Bucharest P
60%
Nicosia P
60%
Panama City N
60%
Saint George's T
58%
Paramaribo S
57%
Quito A
56%
Riyadh T
56%
San José R
56%
Bridgetown Q
55%
Asmara C
54%
Beirut K
52%
Chișinău B
52%
Tbilisi S
52%
Damascus M
51%
Kyiv D
51%
Skopje N
51%
Sofia Y
51%
Yerevan S
51%
Amman B
46%
Manila A
45%
Pristina M
45%
Baku K
43%
Moscow K
43%
Khartoum M
42%
Kuwait City V
42%
Ngerulmud P
42%
Malé A
38%
Victoria D
38%
Addis Ababa B
37%
Baghdad D
37%
Doha T
37%
Tirana P
37%
Dili A
36%
Port Moresby M
36%
Abu Dhabi M
34%
Mogadishu T
34%
Madrid L
31%
Tehran N
31%
Minsk M
30%
Lima A
29%
Managua H
29%
Nouakchott M
29%
Astana A
25%
Helsinki V
25%
Ashgabat J
23%
Manama V
23%
Vilnius M
23%
Juba N
22%
Vatican City L
22%
Niamey K
21%
Kingstown N
20%
La Paz P
20%
Brasília M
19%
Monaco B
19%
N'Djamena M
19%
Ouagadougou C
19%
Podgorica O
19%
Castries N
18%
Muscat R
18%
Nairobi T
17%
Riga P
16%
Tashkent T
16%
Palikir R
14%
Roseau B
14%
Sucre T
14%
Tokyo S
14%
Bishkek O
13%
Tallinn R
13%
Ottawa P
12%
Reykjavík S
12%
Sri Jayawardenepura Kotte S
10%
Abuja D
9%
Bamako P
9%
Belgrade B
9%
Bern S
9%
Dakar B
9%
Dushanbe B
9%
Port Louis A
9%
Praia D
9%
San Marino W
9%
Warsaw B
9%
Kabul S
8%
Paris K
8%
Saint John's P
8%
Sarajevo V
8%
Bangui B
7%
Banjul L
7%
Vaduz P
7%
Zagreb L
7%
Asuncion C
6%
Bissau B
6%
Budapest A
6%
Islamabad B
6%
Ljubljana C
6%
Porto-Novo Z
6%
Bandar Seri Begawan A
5%
Basseterre L
5%
Conakry L
5%
Cotonou B
5%
Freetown P
5%
Jakarta M
5%
Lomé B
5%
London I
5%
Luxembourg V
5%
Tegucigalpa U
5%
Vienna Y
5%
Accra B
4%
Amsterdam C
4%
Berlin S
4%
Bratislava B
4%
Brussels D
4%
Canberra B
4%
Dublin A
4%
Honiara M
4%
Malabo T
4%
Monrovia J
4%
Prague H
4%
Santiago S
4%
Stockholm M
4%
Ulaanbaatar S
4%
Yamoussoukro F
4%
Yaoundé Y
4%
Buenos Aires C
3%
Copenhagen M
3%
Kampala B
3%
Majuro T
3%
New Delhi S
3%
Santo Domingo L
3%
Seoul Y
3%
Taipei K
3%
Yaren N
3%
Antananarivo D
2%
Dodoma T
2%
Kathmandu P
2%
Kigali P
2%
Libreville P
2%
Montevideo O
2%
Moroni S
2%
Oslo K
2%
Port-au-Prince W
2%
Singapore N
2%
South Tarawa K
2%
Washington M
2%
Apia H
1%
Bangkok B
1%
Beijing P
1%
Dhaka K
1%
Funafuti S
1%
Gitega B
1%
Guatemala City B
1%
Hanoi G
1%
Harare K
1%
Kingston H
1%
Kuala Lumpur D
1%
Lilongwe F
1%
Lusaka N
1%
Mexico City V
1%
Nassau L
1%
Naypyidaw L
1%
Nukuʻalofa N
1%
Phnom Penh A
1%
Port Vila G
1%
Pyongyang A
1%
San Salvador
1%
Suva M
1%
Thimphu S
1%
Vientiane S
1%
Wellington K
1%
Windhoek
1%
Belmopan S
0%
Brazzaville H
0%
Cape Town B
0%
Havana C
0%
Kinshasa W
0%
Luanda W
0%
São Tomé L
0%
No matching quizzes found
Score Distribution
Percent of People with Each Score
Percentile by Number Answered
Your Score History
You have not taken this quiz